[Event "3. Arber-Open 2014"]
[Site "Bayerisch Eisenstein"]
[Date "2014.08.16"]
[Round "1.1"]
[White "Ranker, Klemens"]
[Black "Prusikin, Michael"]
[Result "0-1"]
[WhiteElo "1925"]
[BlackElo "2524"]
[PlyCount "56"]
[EventDate "2014.??.??"]
[WhiteTeam "SC Hauptstuhl"]
[BlackTeam "TV Tegernsee"]

1. e4 e5 2. Nf3 Nc6 3. Bb5 a6 4. Ba4 Nf6 5. O-O Be7 6. Re1 b5 7. Bb3 d6 8. c3
O-O 9. d3 Na5 10. Bc2 c5 11. Nbd2 Re8 12. Nf1 Nc6 13. Ng3 h6 14. Bd2 Bf8 15. a3
d5 16. Qe2 Be6 17. Rad1 d4 18. h3 Nd7 19. Bc1 Rc8 20. Kh2 Qc7 21. Nh4 dxc3 22.
bxc3 b4 23. axb4 cxb4 24. c4 Nd4 25. Qd2 b3 26. Bb1 a5 27. Qb2 a4 28. Qa1 a3
0-1

[Event "3. Arber-Open 2014"]
[Site "Bayerisch Eisenstein"]
[Date "2014.08.16"]
[Round "1.2"]
[White "Jansa, Vlastimil"]
[Black "Kleinhenz, Hans-Georg"]
[Result "1-0"]
[WhiteElo "2438"]
[BlackElo "1837"]
[PlyCount "53"]
[EventDate "2014.??.??"]
[WhiteTeam "SC Forchheim e.V."]
[BlackTeam "Stolberger SV 1927"]

1. e4 e6 2. d4 d5 3. Nd2 Nf6 4. e5 Nfd7 5. c3 c5 6. f4 Nc6 7. Ndf3 cxd4 8. cxd4
Qb6 9. g3 Bb4+ 10. Kf2 g5 11. fxg5 Ndxe5 12. Nxe5 Nxe5 13. Be3 Ng6 14. Nf3 h6
15. gxh6 Bf8 16. Qd2 Bd7 17. Bd3 Ne7 18. Kg2 f6 19. Rac1 Rc8 20. Rxc8+ Nxc8 21.
Nh4 f5 22. Qe2 Nd6 23. Ng6 Rh7 24. Ne5 Kd8 25. Rc1 Be8 26. Qd2 Be7 27. g4 1-0

[Event "3. Arber-Open 2014"]
[Site "Bayerisch Eisenstein"]
[Date "2014.08.16"]
[Round "1.4"]
[White "Möhn, Hans"]
[Black "Reuter, Roland"]
[Result "1-0"]
[WhiteElo "2226"]
[BlackElo "2007"]
[PlyCount "131"]
[EventDate "2014.??.??"]
[WhiteTeam "USV TU Dresden"]
[BlackTeam "SK Schwabach 1907 e.V."]

1. Nf3 {[%emt 0:00:00]} d5 {[%eval 0,0] [%emt 0:00:00]} 2. c4 e6 3. b3 Nf6 4.
g3 Be7 5. Bg2 O-O 6. O-O Nbd7 7. d4 c5 8. cxd5 exd5 9. Nc3 Nb6 10. dxc5 Bxc5
11. Bb2 Be6 12. Rc1 Rc8 13. Nb5 Nbd7 14. Nbd4 Qb6 15. e3 Rfe8 16. Qd3 h6 17.
Rfd1 a6 18. Nh4 Bg4 19. Rd2 Ne5 20. Qb1 Bb4 21. Rdc2 Rxc2 22. Rxc2 Nd3 23. Bc3
Bxc3 24. Rxc3 Ne5 25. h3 Bd7 26. Nhf3 Nxf3+ 27. Nxf3 Ne4 28. Rc2 Bb5 29. Qd1
Bc6 30. Qd4 Qa5 31. Bf1 Qd8 32. Ne5 Qd6 33. Nxc6 bxc6 34. Bg2 c5 35. Qd3 Nf6
36. Rd2 Rd8 37. e4 d4 38. f4 Qb6 39. Rc2 Nd7 40. Kh2 Qb5 41. Bf1 Rb8 42. Qf3
Qc6 43. Qd3 Qb5 44. Qd1 Qb7 45. Bd3 Qc6 46. Qc1 Qb6 47. Rc4 Qd6 48. Qc2 f6 49.
Qe2 Qe7 50. Rc2 a5 51. Bb5 Rb6 52. Qd3 Kh8 53. Kg2 Qf8 54. Qd2 Qe7 55. Bd3 Qd8
56. Rc4 Ra6 57. Ra4 Ra7 58. Rc4 Qb6 59. Qc1 Qb7 60. Kh2 Qb6 61. h4 Qd6 62. Kg2
Qc6 63. Rxd4 f5 64. Rc4 Rc7 65. Qe1 Nf6 66. Qxa5 1-0

[Event "3. Arber-Open 2014"]
[Site "Bayerisch Eisenstein"]
[Date "2014.08.16"]
[Round "1.5"]
[White "Flemming, Klaus"]
[Black "Höfelsauer, Thomas"]
[Result "0-1"]
[WhiteElo "1766"]
[BlackElo "2257"]
[PlyCount "52"]
[EventDate "2014.??.??"]
[BlackTeam "SK München SO"]

1. d4 Nf6 2. c4 c5 3. d5 b5 4. cxb5 a6 5. Nc3 axb5 6. Nxb5 Ba6 7. Nc3 g6 8. e4
Bxf1 9. Kxf1 d6 10. Nf3 Bg7 11. g3 O-O 12. Kg2 Nbd7 13. h3 Qa5 14. Qe2 Rfb8 15.
e5 dxe5 16. Nxe5 Nxe5 17. Qxe5 Rb7 18. Rd1 Rd8 19. Qe2 Ne8 20. a4 Nd6 21. Ra3
Nf5 22. Nb5 Nd4 23. Bd2 Nxe2 24. Bxa5 Ra8 25. Bc3 Nxc3 26. bxc3 Rxb5 0-1

[Event "3. Arber-Open 2014"]
[Site "Bayerisch Eisenstein"]
[Date "2014.08.16"]
[Round "1.6"]
[White "Haman, Jakub"]
[Black "Leeb, Jonas"]
[Result "1-0"]
[WhiteElo "2181"]
[BlackElo "1897"]
[PlyCount "67"]
[EventDate "2014.??.??"]
[WhiteTeam "SK Kladno"]
[BlackTeam "SK München SO"]

1. e4 d6 2. d4 Nf6 3. Nc3 e5 4. Nf3 Nbd7 5. Bc4 Be7 6. O-O O-O 7. Re1 c6 8. a4
a5 9. h3 h6 10. Bd3 Qc7 11. Ne2 exd4 12. Nexd4 Nc5 13. Bf4 Qb6 14. b3 d5 15.
exd5 Nxd5 16. Be5 Nxd3 17. Qxd3 Bf6 18. Rad1 Bxe5 19. Nxe5 Nf4 20. Qf3 Ne6 21.
Nf5 Ng5 22. Ne7+ Kh7 23. Qd3+ f5 24. Nxc8 Raxc8 25. Nd7 Qc7 26. Nxf8+ Rxf8 27.
Qd7 Qf4 28. Re7 Rg8 29. Qc7 Qxc7 30. Rxc7 Rb8 31. Rdd7 b5 32. axb5 cxb5 33.
Rxg7+ Kh8 34. Rb7 1-0

[Event "3. Arber-Open 2014"]
[Site "Bayerisch Eisenstein"]
[Date "2014.08.16"]
[Round "1.7"]
[White "Grabmeier, Johannes"]
[Black "Meertens, Martin"]
[Result "1/2-1/2"]
[WhiteElo "1914"]
[BlackElo "2168"]
[PlyCount "36"]
[EventDate "2014.??.??"]
[WhiteTeam "SV Deggendorf"]
[BlackTeam "Klub Kölner SF e.V. 1"]

1. b3 e5 2. Bb2 Nc6 3. e3 Nf6 4. Bb5 d6 5. Ne2 Bd7 6. O-O Be7 7. d4 exd4 8.
Nxd4 Nxd4 9. Bxd7+ Qxd7 10. Qxd4 O-O 11. c4 Ne8 12. Nc3 Bf6 13. Qd2 g6 14. Rad1
Bg7 15. c5 Qe6 16. Ba3 Rd8 17. Ne2 Nf6 18. cxd6 cxd6 1/2-1/2

[Event "3. Arber-Open 2014"]
[Site "Bayerisch Eisenstein"]
[Date "2014.08.16"]
[Round "1.8"]
[White "Strasil, Pavel"]
[Black "Strangmueller, Andreas"]
[Result "1/2-1/2"]
[WhiteElo "2132"]
[BlackElo "2005"]
[PlyCount "51"]
[EventDate "2014.??.??"]
[BlackTeam "SK Landshut"]

1. e4 e6 2. c4 d5 3. exd5 exd5 4. cxd5 Nf6 5. d4 Nxd5 6. Nc3 Bb4 7. Bd2 O-O 8.
Bd3 Nf6 9. Nge2 c5 10. O-O cxd4 11. Nb5 Bxd2 12. Qxd2 Nc6 13. Nbxd4 Nxd4 14.
Nxd4 Qd5 15. Nb3 Bf5 16. Rad1 Bxd3 17. Qxd3 Qxd3 18. Rxd3 Rac8 19. Rfd1 g6 20.
f3 Rc2 21. R1d2 Rxd2 22. Rxd2 Rc8 23. Kf2 Kf8 24. Nd4 Rc5 25. Nb3 Rc8 26. Nd4
1/2-1/2

[Event "3. Arber-Open 2014"]
[Site "Bayerisch Eisenstein"]
[Date "2014.08.16"]
[Round "1.9"]
[White "Bergmann, Reiner"]
[Black "Herbold, Manfred"]
[Result "1/2-1/2"]
[WhiteElo "1851"]
[BlackElo "2147"]
[PlyCount "38"]
[EventDate "2014.??.??"]
[WhiteTeam "SC Bayerwald"]
[BlackTeam "TSV Hütschenhausen"]

1. e4 e6 2. d4 d5 3. exd5 exd5 4. Nc3 Bf5 5. Bd3 Ne7 6. Nge2 Qd7 7. Bf4 c6 8.
Qd2 Ng6 9. O-O-O Be7 10. Rde1 O-O 11. Bxf5 Qxf5 12. Ng3 Qd7 13. Be3 Na6 14. Nh5
Bd6 15. Bh6 Qg4 16. Nxg7 Bf4 17. Bxf4 Nxf4 18. h3 Qg5 19. g3 Nd3+ 1/2-1/2

[Event "3. Arber-Open 2014"]
[Site "Bayerisch Eisenstein"]
[Date "2014.08.16"]
[Round "1.10"]
[White "Kottmair, Toni"]
[Black "Drews, Rüdiger"]
[Result "1/2-1/2"]
[WhiteElo "2259"]
[BlackElo "1899"]
[PlyCount "30"]
[EventDate "2014.??.??"]
[WhiteTeam "SK Königsbrunn"]
[BlackTeam "Mosbacher SC von 1931"]

1. c4 c5 2. Nc3 Nf6 3. g3 d5 4. cxd5 Nxd5 5. Bg2 Nxc3 6. bxc3 g6 7. Rb1 Qc7 8.
Qa4+ Nd7 9. Nf3 Bg7 10. O-O O-O 11. d4 Nb6 12. Qa5 cxd4 13. cxd4 Bf5 14. Rb5
Rfc8 15. Ba3 Nc4 1/2-1/2

[Event "3. Arber-Open 2014"]
[Site "Bayerisch Eisenstein"]
[Date "2014.08.16"]
[Round "1.11"]
[White "Trinkl, Andreas"]
[Black "Kuba, Stanislav"]
[Result "0-1"]
[WhiteElo "1817"]
[BlackElo "2137"]
[PlyCount "84"]
[EventDate "2014.??.??"]
[WhiteTeam "SV 1947 Walldorf"]
[BlackTeam "SC Furth im Wald"]

1. e4 g6 2. g3 Bg7 3. Bg2 c5 4. Nf3 Nc6 5. O-O d6 6. d3 Bg4 7. Nbd2 e6 8. h3
Bxf3 9. Nxf3 Nge7 10. c3 O-O 11. Qe2 Rb8 12. h4 h6 13. Bf4 b5 14. Rac1 Rb7 15.
Rfd1 d5 16. b3 Kh7 17. e5 b4 18. c4 Qa5 19. d4 cxd4 20. cxd5 exd5 21. Nxd4 Nxd4
22. Rxd4 Rd8 23. g4 Qb6 24. Rd2 Rbd7 25. Rdc2 d4 26. Qd3 Qe6 27. h5 Kg8 28. g5
Qg4 29. gxh6 Qxf4 30. hxg7 gxh5 31. Re1 Qg4 32. Kf1 Qg6 33. Be4 Qxg7 34. f4 Kf8
35. Rg2 Qh6 36. Qg3 d3 37. Rd1 d2 38. Qf3 Rd4 39. Rh2 h4 40. f5 Nd5 41. Bxd5
Rf4 42. Rf2 Rxf3 0-1

[Event "3. Arber-Open 2014"]
[Site "Bayerisch Eisenstein"]
[Date "2014.08.16"]
[Round "1.12"]
[White "Ptacnik, Stanislav"]
[Black "Blank, Stefan"]
[Result "0-1"]
[WhiteElo "2091"]
[BlackElo "1838"]
[PlyCount "33"]
[EventDate "2014.??.??"]
[BlackTeam "SC Sulzbach"]

1. e4 {[%emt 0:00:00]} c5 2. Nf3 d6 3. d4 cxd4 4. Qxd4 Nc6 5. Bb5 Bd7 6. Bxc6
Bxc6 7. Nc3 Nf6 8. Bg5 Qb6 9. Qxb6 axb6 10. e5 dxe5 11. O-O-O Nd7 12. Kb1 e6
13. Rhe1 f6 14. Be3 Bb5 15. Bd2 Nc5 16. Re2 Ke7 17. a3 0-1

[Event "3. Arber-Open 2014"]
[Site "Bayerisch Eisenstein"]
[Date "2014.08.16"]
[Round "1.13"]
[White "Grod, Andreas"]
[Black "Waddington, Mike P"]
[Result "1/2-1/2"]
[WhiteElo "2018"]
[BlackElo "2085"]
[PlyCount "63"]
[EventDate "2014.??.??"]
[WhiteTeam "SF Sailauf"]
[BlackTeam "Dorchester"]

1. e4 {[%emt 0:00:00]} e5 2. Nf3 Nc6 3. Bc4 Bc5 4. O-O Nf6 5. d3 O-O 6. Bg5 d6
7. Nc3 Ne7 8. d4 exd4 9. Nxd4 Bg4 10. Qd2 Ng6 11. h3 Bd7 12. Nf5 h6 13. Bxf6
Qxf6 14. Ng3 Ne5 15. Be2 Bc6 16. Nd5 Bxd5 17. exd5 Qh4 18. Kh2 f5 19. f4 Ng4+
20. Bxg4 fxg4 21. Rae1 gxh3 22. gxh3 Rae8 23. Re6 Rxe6 24. dxe6 Qf6 25. f5 Bd4
26. c3 Be5 27. Qd5 c6 28. Qb3 Kh7 29. Qc2 Kg8 30. Qb3 Kh7 31. Qc2 Kg8 32. Qb3
1/2-1/2

[Event "3. Arber-Open 2014"]
[Site "Bayerisch Eisenstein"]
[Date "2014.08.16"]
[Round "1.14"]
[White "Cap, Adam"]
[Black "Schröder, Stefan"]
[Result "1/2-1/2"]
[WhiteElo "2080"]
[BlackElo "1845"]
[PlyCount "87"]
[EventDate "2014.??.??"]
[WhiteTeam "SK Kladno"]
[BlackTeam "Airbus Helicopters SG"]

1. e4 {[%emt 0:00:00]} d5 2. exd5 Qxd5 3. Nc3 Qa5 4. d4 c6 5. Bc4 Bf5 6. Nf3 e6
7. O-O Nf6 8. Re1 Bb4 9. Bd2 O-O 10. a3 Bxc3 11. Bxc3 Qc7 12. b4 Nbd7 13. Bb2
b5 14. Bb3 Bg4 15. h3 Bh5 16. g4 Bg6 17. Ne5 Nxe5 18. Rxe5 Nd7 19. Re3 Nb6 20.
Qf3 Nd5 21. Re5 a6 22. h4 h6 23. Rae1 Rac8 24. h5 Bh7 25. c4 Nb6 26. cxb5 cxb5
27. g5 Nd7 28. gxh6 Nxe5 29. Rxe5 gxh6 30. Qf6 Qd8 31. Qxh6 Bf5 32. d5 f6 33.
Re3 exd5 34. Rg3+ Kf7 35. Rg7+ Ke6 36. Qe3+ Kd6 37. Qf4+ Ke6 38. Bd4 Rg8 39. h6
Rxg7+ 40. hxg7 Qe8 41. Qe3+ Kf7 42. Bxd5+ Kxg7 43. Qg5+ Qg6 44. Bxf6+ 1/2-1/2

[Event "3. Arber-Open 2014"]
[Site "Bayerisch Eisenstein"]
[Date "2014.08.16"]
[Round "1.15"]
[White "Schulz, Gerhard"]
[Black "Zellner, Richard"]
[Result "1-0"]
[WhiteElo "1792"]
[BlackElo "2143"]
[PlyCount "83"]
[EventDate "2014.??.??"]
[WhiteTeam "PSV Ludwigslust"]
[BlackTeam "SG Schw München N"]

1. d4 Nf6 2. Nf3 g6 3. Nc3 d5 4. Bf4 Bg7 5. e3 O-O 6. Bd3 c5 7. O-O cxd4 8.
exd4 Bg4 9. h3 Bxf3 10. Qxf3 Nc6 11. Ne2 Qb6 12. c3 Rad8 13. Rfb1 Rfe8 14. Ng3
e5 15. dxe5 Nxe5 16. Bxe5 Rxe5 17. Qf4 Re6 18. Qd2 Ne4 19. Bxe4 dxe4 20. Qe2 f5
21. Rd1 Red6 22. Rxd6 Qxd6 23. Nf1 Bh6 24. Ne3 Qe6 25. Rd1 Rxd1+ 26. Qxd1 Qxa2
27. Qd8+ Bf8 28. Nd5 Qxb2 29. Nf6+ Kf7 30. Nxh7 Qc1+ 31. Kh2 Qf4+ 32. Kg1 Qd6
33. Ng5+ Kg8 34. Qc8 Qc6 35. Qd8 Kg7 36. h4 f4 37. Qd4+ Kg8 38. Qxa7 e3 39.
Qa2+ Kh8 40. Qf7 exf2+ 41. Kxf2 Bc5+ 42. Ke1 1-0

[Event "3. Arber-Open 2014"]
[Site "Bayerisch Eisenstein"]
[Date "2014.08.16"]
[Round "1.16"]
[White "Miesbauer, Jan"]
[Black "Fuchs, Benno"]
[Result "1-0"]
[WhiteElo "2006"]
[BlackElo "1790"]
[PlyCount "55"]
[EventDate "2014.??.??"]
[WhiteTeam "SC Bayerwald Regen/Zwiesel e.V."]
[BlackTeam "SF Botv. Steinsfurt"]

1. d4 Nf6 2. c4 g6 3. Nc3 Bg7 4. e4 d6 5. f4 c5 6. d5 e6 7. Nf3 exd5 8. cxd5
O-O 9. Be2 Re8 10. e5 dxe5 11. fxe5 Nfd7 12. e6 fxe6 13. dxe6 Nf6 14. Qxd8 Rxd8
15. O-O Bxe6 16. Ng5 Bd5 17. Rxf6 Re8 18. Nxd5 Rxe2 19. Re6 Bd4+ 20. Kh1 Rf2
21. Be3 Bxe3 22. Rxe3 Nc6 23. Ne7+ Nxe7 24. Rxe7 Raf8 25. h3 Rxb2 26. Rd1 h6
27. Ne6 Re2 28. Rdd7 1-0

[Event "3. Arber-Open 2014"]
[Site "Bayerisch Eisenstein"]
[Date "2014.08.16"]
[Round "1.17"]
[White "Staudinger, Simon"]
[Black "Pliev, Vladimir"]
[Result "0-1"]
[WhiteElo "1616"]
[BlackElo "2011"]
[PlyCount "76"]
[EventDate "2014.??.??"]
[WhiteTeam "SC Sonnen 1986"]

1. e4 c5 2. Nf3 Nc6 3. d4 cxd4 4. Nxd4 e5 5. Nb5 d6 6. c4 Be7 7. N1c3 a6 8. Na3
Be6 9. Nd5 f5 10. Nxe7 Qxe7 11. Bd3 f4 12. O-O Nf6 13. Nc2 O-O 14. Ne1 Kh8 15.
Kh1 Qf7 16. b3 Qg6 17. Ba3 Rfd8 18. f3 Qh5 19. Nc2 g5 20. Qe2 g4 21. fxg4 Bxg4
22. Qf2 Rd7 23. Ne3 Rg8 24. Nxg4 Nxg4 25. Qg1 Ne3 26. Rf2 Nd4 27. Bb2 Rdg7 28.
Bxd4 Rxg2 29. Rxg2 Rxg2 30. Bxe3 Rxg1+ 31. Kxg1 Qg4+ 32. Kf2 fxe3+ 33. Kxe3
Qf4+ 34. Ke2 Qxh2+ 35. Ke3 Qg3+ 36. Kd2 Qf2+ 37. Kc3 Qd4+ 38. Kc2 Qxa1 0-1

[Event "3. Arber-Open 2014"]
[Site "Bayerisch Eisenstein"]
[Date "2014.08.16"]
[Round "1.18"]
[White "Kolb, Wolfgang"]
[Black "Hubel, Hans-Martin"]
[Result "1-0"]
[WhiteElo "2064"]
[BlackElo "1795"]
[PlyCount "41"]
[EventDate "2014.??.??"]
[WhiteTeam "SK Königsbrunn"]
[BlackTeam "SF Birkenfeld"]

1. c4 c6 2. Nf3 Nf6 3. e3 g6 4. b3 Bg7 5. Bb2 O-O 6. Be2 d5 7. O-O Re8 8. d4 e6
9. Nc3 Nbd7 10. Rc1 b6 11. cxd5 exd5 12. Ba3 Ne4 13. Nxe4 dxe4 14. Nd2 Qf6 15.
Qc2 Bb7 16. Nxe4 Qe6 17. Nd6 Reb8 18. Nxb7 Rxb7 19. Qxc6 Rbb8 20. Qxe6 fxe6 21.
Bf3 1-0

[Event "3. Arber-Open 2014"]
[Site "Bayerisch Eisenstein"]
[Date "2014.08.16"]
[Round "1.19"]
[White "Bangert, Ruediger"]
[Black "Zepke, Armin"]
[Result "0-1"]
[WhiteElo "1626"]
[BlackElo "2105"]
[PlyCount "112"]
[EventDate "2014.??.??"]
[BlackTeam "SC Bayerwald"]

1. Nf3 {[%emt 0:00:00]} d5 {[%emt 0:00:00]} 2. c4 c6 3. Nc3 Nf6 4. e3 Bg4 5. d4
e6 6. Be2 Nbd7 7. a3 Bd6 8. Bd2 O-O 9. cxd5 exd5 10. b4 a6 11. O-O Ne4 12. Nxe4
dxe4 13. Ne1 Qh4 14. g3 Bxe2 15. gxh4 Bxd1 16. Rxd1 Nf6 17. Kh1 Rfe8 18. Rg1 h5
19. h3 Nd5 20. Rg2 Re6 21. Nc2 Rae8 22. Rdg1 g6 23. Rg5 Kh7 24. a4 Be7 25. R5g2
Bxh4 26. b5 cxb5 27. axb5 Be7 28. bxa6 Rxa6 29. Ne1 b5 30. f3 Bh4 31. fxe4 Bxe1
32. Rxe1 Rxe4 33. Rg5 f5 34. Rb1 b4 35. Kh2 h4 36. Rg2 Nxe3 37. Rf2 Nd5 38.
Bxb4 Rb6 39. Rfb2 Rxb4 40. Rxb4 Nxb4 41. Rxb4 Re2+ 42. Kg1 Rd2 43. d5 g5 44.
Rb5 Kg6 45. Rb6+ Kh5 46. d6 g4 47. Rb5 Kg5 48. hxg4 Kxg4 49. Rb4+ f4 50. Rb6
Kg3 51. Rb3+ f3 52. Rb1 Rxd6 53. Kh1 Rd2 54. Rg1+ Rg2 55. Rf1 f2 56. Rc1 Rh2#
0-1

[Event "3. Arber-Open 2014"]
[Site "Bayerisch Eisenstein"]
[Date "2014.08.16"]
[Round "1.20"]
[White "Gschwendtner, Stanislav"]
[Black "Schumacher, Ralph"]
[Result "1-0"]
[WhiteElo "1987"]
[BlackElo "1606"]
[PlyCount "69"]
[EventDate "2014.??.??"]
[WhiteTeam "SC Bayerwald"]
[BlackTeam "SFB Steinsfurt"]

1. c4 b6 2. Nc3 Bb7 3. e4 e6 4. d4 h6 5. Bd3 Ne7 6. Be3 d6 7. f4 Nd7 8. Nf3 g6
9. d5 e5 10. fxe5 Nxe5 11. Nxe5 dxe5 12. O-O Bc8 13. c5 a6 14. d6 Nc6 15. Nd5
cxd6 16. Nf6+ Ke7 17. cxd6+ Qxd6 18. Nd5+ Ke8 19. Nxb6 Bb7 20. Qb3 Nd8 21. Nxa8
Bxa8 22. Rad1 Qb4 23. Qxb4 Bxb4 24. a3 Be7 25. Bxa6 Bc6 26. Bd3 f5 27. exf5
gxf5 28. Bxf5 Rg8 29. Rf2 Nf7 30. Rc2 Bb7 31. Bd7+ Kf8 32. Bc6 Bc8 33. Bc5 Rg6
34. Bxe7+ Kxe7 35. Be4 1-0

[Event "3. Arber-Open 2014"]
[Site "Bayerisch Eisenstein"]
[Date "2014.08.16"]
[Round "1.21"]
[White "Stutz, Robert"]
[Black "Bader, Gerd"]
[Result "0-1"]
[WhiteElo "1830"]
[BlackElo "2011"]
[PlyCount "36"]
[EventDate "2014.??.??"]
[WhiteTeam "TSV Grossmehring"]
[BlackTeam "SG Schwäbisch Gmünd 1872 e.V"]

1. e4 d6 2. d4 Nf6 3. Nc3 Nbd7 4. f4 e5 5. Nf3 exd4 6. Qxd4 c6 7. Be3 d5 8.
exd5 Bc5 9. Qd2 Qe7 10. Ne5 Nxe5 11. Bxc5 Nd3+ 12. Kd1 Nxc5 13. Bc4 O-O 14. d6
Bg4+ 15. Kc1 Qd7 16. b4 Nce4 17. Nxe4 Nxe4 18. Qd4 Nxd6 0-1

[Event "3. Arber-Open 2014"]
[Site "Bayerisch Eisenstein"]
[Date "2014.08.16"]
[Round "1.22"]
[White "Schleich, Theodor"]
[Black "Pingitzer, Guenther"]
[Result "1-0"]
[WhiteElo "2035"]
[BlackElo "1880"]
[PlyCount "79"]
[EventDate "2014.??.??"]
[WhiteTeam "SK Siemens München"]

1. d4 Nf6 2. Bg5 g6 3. Nc3 d5 4. Bxf6 exf6 5. e4 dxe4 6. Nxe4 Bg7 7. Nf3 O-O 8.
Be2 Re8 9. Ng3 f5 10. Qd2 Nd7 11. O-O-O Qf6 12. Bc4 Nb6 13. Bb3 Be6 14. c3 Nc4
15. Qd3 Nd6 16. Bxe6 Qxe6 17. Kb1 Ne4 18. Qc2 c5 19. Rhe1 Qc6 20. Ne5 Bxe5 21.
dxe5 Nxg3 22. hxg3 Rad8 23. f4 c4 24. Re2 Rd5 25. Rxd5 Qxd5 26. Rd2 Qc5 27. Rd4
Re6 28. Qd2 Ra6 29. Rd8+ Kg7 30. Qd4 Qa5 31. e6+ Kh6 32. exf7 Qxa2+ 33. Kc1
Qa1+ 34. Kc2 Qa4+ 35. Kd2 Qb3 36. f8=Q+ Kh5 37. Qe7 Qxb2+ 38. Ke3 Qc1+ 39. Kf3
Qf1+ 40. Qf2 1-0

[Event "3. Arber-Open 2014"]
[Site "Bayerisch Eisenstein"]
[Date "2014.08.16"]
[Round "1.24"]
[White "Gil, Arthur"]
[Black "Desoye, Gernot"]
[Result "1/2-1/2"]
[WhiteElo "2032"]
[BlackElo "1941"]
[PlyCount "64"]
[EventDate "2014.??.??"]
[WhiteTeam "SU Ebersberg-Grafing"]
[BlackTeam "SF Graz"]

1. d4 {[%emt 0:00:00]} d5 2. Nf3 Nf6 3. c4 c6 4. Nc3 a6 5. e3 Nbd7 6. Be2 g6 7.
O-O Bg7 8. Qb3 Qb6 9. Qa3 Qd8 10. b4 O-O 11. Qb3 Ne4 12. Bb2 Ndf6 13. Rfd1 Bg4
14. h3 Be6 15. Ne5 Nxc3 16. Bxc3 Ne4 17. Rac1 f6 18. Bg4 Bxg4 19. Nxg4 e6 20.
Be1 h5 21. Nh2 Nd6 22. cxd5 exd5 23. a4 Kh7 24. Nf1 f5 25. Ng3 f4 26. exf4 Rxf4
27. Ne2 Re4 28. Qc2 Qe7 29. Ng3 Rh4 30. Ne2 Re4 31. Ng3 Rh4 32. Ne2 Re4 1/2-1/2

[Event "3. Arber-Open 2014"]
[Site "Bayerisch Eisenstein"]
[Date "2014.08.16"]
[Round "1.25"]
[White "Fernandez-Alvarez, Raul"]
[Black "Völz, Stephan"]
[Result "1/2-1/2"]
[WhiteElo "1723"]
[BlackElo "1946"]
[PlyCount "55"]
[EventDate "2014.??.??"]
[WhiteTeam "SG Schw München Nord e.V."]
[BlackTeam "Muldental Wilkau-Haßlau"]

1. e4 c5 2. Nf3 Nc6 3. c4 g6 4. d4 cxd4 5. Nxd4 Bg7 6. Be3 d6 7. Be2 Nf6 8. Nc3
O-O 9. O-O Bd7 10. Rc1 a6 11. f3 Rb8 12. b3 Qa5 13. Qd2 Rfc8 14. Rfd1 Nxd4 15.
Bxd4 Qd8 16. Nd5 Nxd5 17. cxd5 Bxd4+ 18. Qxd4 Rc7 19. Qe3 Rbc8 20. Bd3 Rc3 21.
Rxc3 Rxc3 22. Rc1 Qc7 23. Rxc3 Qxc3 24. Qe2 Qc5+ 25. Kf1 Qc1+ 26. Kf2 Qc5+ 27.
Qe3 Qc3 28. Qe2 1/2-1/2

[Event "3. Arber-Open 2014"]
[Site "Bayerisch Eisenstein"]
[Date "2014.08.16"]
[Round "1.26"]
[White "Johanssen, Torsten"]
[Black "Rösch, David"]
[Result "1-0"]
[WhiteElo "1915"]
[BlackElo "1337"]
[PlyCount "67"]
[EventDate "2014.??.??"]
[BlackTeam "SC Bayerwald"]

1. c4 g6 2. Nc3 Bg7 3. d4 d6 4. e4 Nd7 5. Be2 Ngf6 6. Bg5 O-O 7. Nf3 c5 8. d5
Ng4 9. Qc1 Qa5 10. Bd2 Qd8 11. h3 Nge5 12. O-O Nxf3+ 13. Bxf3 Ne5 14. Be2 f5
15. f4 Nf7 16. exf5 Bxf5 17. g4 Bd7 18. Qc2 e6 19. dxe6 Bd4+ 20. Kg2 Bxe6 21.
Nd5 Bxd5+ 22. cxd5 Re8 23. Bb5 Qh4 24. Bxe8 Rxe8 25. Rae1 Rf8 26. Bc3 Bxc3 27.
Qxc3 Nh6 28. Qe3 Qd8 29. f5 Kg7 30. Qe7+ Qxe7 31. Rxe7+ Rf7 32. f6+ Kg8 33. Re6
Rd7 34. Re7 1-0

[Event "3. Arber-Open 2014"]
[Site "Bayerisch Eisenstein"]
[Date "2014.08.16"]
[Round "1.27"]
[White "Fäth, Christian"]
[Black "Forgach, Andreas"]
[Result "0-1"]
[WhiteElo "1070"]
[BlackElo "1909"]
[PlyCount "42"]
[EventDate "2014.??.??"]
[WhiteTeam "SF Sailauf"]
[BlackTeam "Kasseler SK 1876"]

1. d4 Nf6 2. c4 g6 3. Nc3 Bg7 4. Nf3 d6 5. e4 O-O 6. Bd3 Nbd7 7. O-O e5 8. Be3
Ng4 9. Bg5 f6 10. Bd2 exd4 11. Nxd4 Nc5 12. Be2 f5 13. Bxg4 fxg4 14. Nb3 Nd3
15. Qe2 Ne5 16. Rac1 Qh4 17. f4 gxf3 18. gxf3 Bh3 19. Rf2 Rf7 20. Nd5 Raf8 21.
Rc3 Ng4 0-1

[Event "3. Arber-Open 2014"]
[Site "Bayerisch Eisenstein"]
[Date "2014.08.16"]
[Round "1.28"]
[White "Weiland, Thomas"]
[Black "Kronschnabl, Matthias"]
[Result "1-0"]
[WhiteElo "1889"]
[BlackElo "1300"]
[PlyCount "41"]
[EventDate "2014.??.??"]
[WhiteTeam "SV Oberursel"]
[BlackTeam "SC Bayerwald"]

1. e4 e5 2. Nf3 Nc6 3. c3 d6 4. Bc4 h6 5. d4 Nf6 6. dxe5 dxe5 7. Qxd8+ Kxd8 8.
Bxf7 Nxe4 9. Bd5 Nc5 10. Bxc6 Nd3+ 11. Ke2 bxc6 12. Kxd3 e4+ 13. Kxe4 Bd6 14.
Be3 Ba6 15. Ne5 Re8 16. f4 Rb8 17. b4 Rb5 18. Bd4 g5 19. a4 Rd5 20. g3 c5 21.
Kxd5 1-0

[Event "3. Arber-Open 2014"]
[Site "Bayerisch Eisenstein"]
[Date "2014.08.16"]
[Round "1.3"]
[White "Moutaqi, Sandra"]
[Black "Hausner, Ivan"]
[Result "0-1"]
[WhiteElo "2069"]
[BlackElo "2350"]
[PlyCount "76"]
[EventDate "2014.??.??"]
[WhiteTeam "PSV Ludwigslust"]
[BlackTeam "SK 1908 Göggingen"]

1. d4 Nf6 2. c4 e6 3. Nf3 c5 4. d5 b5 5. dxe6 fxe6 6. e3 bxc4 7. Bxc4 d5 8.
Bb5+ Nbd7 9. O-O Bd6 10. Nc3 O-O 11. b3 Bb7 12. Bb2 Qe7 13. Rc1 Rad8 14. Qc2 e5
15. Ne2 e4 16. Nh4 Ng4 17. g3 Nxh2 18. Kxh2 Qxh4+ 19. Kg2 Qg4 20. Ng1 d4 21.
Be2 Rf3 22. Bxf3 exf3+ 23. Kh2 Qh5+ 24. Nh3 Ne5 25. Rh1 Bc8 26. Kg1 Bxh3 27.
exd4 Ng4 28. Qc4+ Kh8 29. Rc2 Re8 30. Bc3 Qf5 31. Ba5 Bg2 32. Rh4 Qe4 33. Rc1
Bxg3 34. Rxg4 Qxg4 35. fxg3 Qxg3 36. Qc2 Re2 37. Qxe2 fxe2 38. Be1 Qe3+ 0-1

[Event "3. Arber-Open 2014"]
[Site "Bayerisch Eisenstein"]
[Date "2014.08.17"]
[Round "2.1"]
[White "Prusikin, Michael"]
[Black "Johanssen, Torsten"]
[Result "1-0"]
[WhiteElo "2524"]
[BlackElo "1915"]
[PlyCount "51"]
[EventDate "2014.??.??"]
[WhiteTeam "TV Tegernsee"]

1. d4 Nf6 2. Nf3 g6 3. c4 Bg7 4. Nc3 O-O 5. Bf4 d6 6. h3 c5 7. d5 Nbd7 8. e4 a6
9. a4 b6 10. Be2 Qc7 11. O-O Bb7 12. Re1 Rfe8 13. Bf1 Nh5 14. Bh2 Rad8 15. Qd2
Ne5 16. Nxe5 dxe5 17. a5 bxa5 18. Nd1 Qd6 19. Rxa5 Nf4 20. Qe3 Rc8 21. Nc3 Qb6
22. Rea1 Bh6 23. Qe1 Qb3 24. Na4 Nd3 25. Qc3 Qxc3 26. bxc3 1-0

[Event "3. Arber-Open 2014"]
[Site "Bayerisch Eisenstein"]
[Date "2014.08.17"]
[Round "2.2"]
[White "Bader, Gerd"]
[Black "Jansa, Vlastimil"]
[Result "0-1"]
[WhiteElo "2011"]
[BlackElo "2438"]
[PlyCount "54"]
[EventDate "2014.??.??"]
[WhiteTeam "SG Schwäbisch Gmünd 1872 e.V"]
[BlackTeam "SC Forchheim e.V."]

1. Nf3 g6 2. d3 Bg7 3. e4 c5 4. g3 Nc6 5. Bg2 d6 6. O-O e5 7. c3 Nge7 8. Be3
O-O 9. Qd2 b6 10. Na3 d5 11. exd5 Nxd5 12. Bh6 Bb7 13. Bxg7 Kxg7 14. Rfe1 Re8
15. Nc4 Qc7 16. Re4 Rad8 17. Rae1 f6 18. Rh4 Re7 19. Qh6+ Kg8 20. Ree4 b5 21.
Na3 a6 22. Reg4 Rg7 23. Nd2 f5 24. Rg5 Nde7 25. g4 Rxd3 26. Nf1 Nd8 27. gxf5
Nf7 0-1